| 000 | 00831nas a2200277 4500 | ||
|---|---|---|---|
| 001 | BR9214255 | ||
| 003 | BR-BrBNA | ||
| 005 | 20231205093606.0 | ||
| 007 | ta | ||
| 008 | 230509b bl.|||p| |||| 00| 00por d | ||
| 040 |
_aBR-BrBNA _bpor _cBiblioteca Nacional de Agricultura |
||
| 041 | _a(Pt) | ||
| 072 | _aH50 | ||
| 100 | 1 | _aPiccini, D.F. | |
| 100 | 1 | _aMalavolta, E. | |
| 245 | 1 | _aToxicidade de niquel em arroz e feijao em solos acidos | |
| 246 | 1 | _aNickel toxicity on rice and beans in three acid soils | |
| 650 | _aArroz | ||
| 650 | _aFeijao | ||
| 650 | _aNiquel | ||
| 650 | _aFitotoxicidade | ||
| 650 | _aSolo Acido | ||
| 773 | 0 |
_tRevista Brasileira de Ciencia do Solo (Brazil) _xISSN 0100-0683 _g(May-Aug 1992), v. 16(2) p. 229-233 _wBR9214255 |
|
| 909 |
_a202311 _bLúcia _c55 _dLúcia Elande |
||
| 942 |
_2AGRIS _n0 _cANA |
||
| 999 |
_c139342 _d139342 |
||